| 000 | 00691nam a2200217 i 4500 | ||
|---|---|---|---|
| 001 | 84746 | ||
| 003 | ES-MaACL | ||
| 005 | 20230906175106.0 | ||
| 007 | t| | ||
| 008 | 041123s1967 it ||||1| ita d | ||
| 100 | 1 |
_aJenofanes. _966311 |
|
| 245 | 1 | 0 |
_aTestimonianze e frammenti / _cSenofane ; introduzione, traduzione e commento a cura di Mario Untersteiner. |
| 250 | _a[1ยช ed.]. | ||
| 260 |
_aFirenze : _bLa Nuova Italia, _c[1967] |
||
| 300 |
_aCCLXXX, 154 p. ; _c18 cm. |
||
| 490 | 1 | _aBiblioteca di studi superiori | |
| 700 | 1 |
_aUntersteiner, Mario. _9112028 |
|
| 830 | 0 |
_aBiblioteca di studi superiori _9183838 |
|
| 852 |
_aES-MaACL _jE-10140 _bR.94508 |
||
| 999 |
_c84746 _d84746 |
||